000
00296nam a22001457a 4500
003
OSt
020
_a
9780552161275
082
_a
813.54
_b
BRO/DA
100
_a
Brown,dan
245
_a
Da vinci code
250
_a
1
260
_a
London
_b
Corgi books
_c
2003
300
_a
589p.
942
_2
ddc
_c
BK
999
_c
190480
_d
190480